Catálogo

Vista normal Vista MARC

Entrada Personal Name

Número de registros utilizados en: 1

001 - CONTROL NUMBER

  • control field: 17436

003 - CONTROL NUMBER IDENTIFIER

  • control field: DLC

005 - DATE AND TIME OF LATEST TRANSACTION

  • control field: 20250905142735.0

008 - FIXED-LENGTH DATA ELEMENTS

  • fixed length control field: 930710n| azannaabn |n aaa

010 ## - LIBRARY OF CONGRESS CONTROL NUMBER

  • LC control number: n 93065414

035 ## - SYSTEM CONTROL NUMBER

  • System control number: (OCoLC)oca03407979

040 ## - CATALOGING SOURCE

  • Original cataloging agency: DLC
  • Language of cataloging: spa
  • Description conventions: rda
  • Transcribing agency: Mx-PuUPA
  • Modifying agency: TxHU
  • Modifying agency: Mx-PuUPA

100 1# - HEADING--PERSONAL NAME

  • Personal name: Glass, Alan,
  • Dates associated with a name: 1932-

374 ## - OCCUPATION

  • Occupation: Artista
  • Occupation: SAutor
  • Source of term: lcdgt

375 ## - GENDER

  • Gender: hombre

377 ## - ASSOCIATED LANGUAGE

  • Language code: eng

670 ## - SOURCE DATA FOUND

  • Source citation: Alan Glass, 1971-1991, c1992:
  • Information found: t.p. (Alan Glass) biographical p. (b. in Montreal, Canada in 1932)

670 ## - SOURCE DATA FOUND

  • Source citation: Met WWW site, viewed April 22, 2022:
  • Information found: (Alan Glass, Canadian, active Mexico, artist)
  • Uniform Resource Identifier: https://www.metmuseum.org/art/collection/search/390184